Die betriebliche Sozialpolitik im Handwerk /

Hlavní autor: Weindel, Annemarie
Korporativní autor: Universität Frankfurt am Main
Jazyk: Němčina
Vydáno: Frankfurt a.M. : A. Weindel, 1957
Fyzický popis: 262 s.
Knihy
Uloženo v:
LEADER 00700nam a22002172a 4500
001 001411620
003 CZ BrMZK
005 20141212110433.0
007 ta
008 140814s1957 gw er|||||||||||ger d
040 |a BOA001  |b cze 
100 1 |a Weindel, Annemarie  |4 dis 
245 1 4 |a Die betriebliche Sozialpolitik im Handwerk /  |c Annemarie Weindel 
260 |a Frankfurt a.M. :  |b A. Weindel,  |c 1957 
300 |a 262 s. 
502 |a Disertace--Universität Frankfurt am Main, 1957 
710 2 |a Universität Frankfurt am Main  |7 kn20010710027 
910 |a BOA001  |b 2-0413.514 
990 |a BK 
991 |b 201408 
996 7 |b 2619122776  |c 2-0413.514  |l MZK  |r Sklad / do 24 hodin  |n 0  |w 001446814  |u 000010  |a 1  |e BOA001  |j MZK50  |s A